Puccini Operas - Statistics

General Stats
  • This quiz has been taken 464 times
  • The average score is 7 of 12
Answer Stats
First performed Answer % Correct
1904 Madama Butterfly
88%
1896 La bohème
87%
1900 Tosca
87%
1926 Turandot
87%
1918 Gianni Schicchi (from Il Trittico)
62%
1893 Manon Lescaut
51%
1918 Suor Angelica (from Il Trittico)
50%
1910 La fanciulla del West
49%
1918 Il tabarro (from Il Trittico)
43%
1917 La rondine
36%
1889 Edgar
29%
1884 Le Villi
28%
No matching quizzes found
Score Distribution
Percent of People with Each Score
Percentile by Number Answered
Your Score History
You have not taken this quiz